[Event "Pan American-ch U1700"]
[Site "Balneario Camboriu"]
[Date "2024.09.29"]
[Round "9"]
[White "Rojas Ayala, Richarh Javier"]
[Black "Waterkemper, Lucas Bauler"]
[Result "0-1"]
[WhiteElo "1536"]
[BlackElo "1553"]
[PlyCount "70"]
[EventDate "2024.09.24"]
[EventType "swiss"]
[EventRounds "9"]
[EventCountry "BRA"]
[SourceTitle "EXT 2025"]
[Source "ChessBase"]
[SourceDate "2024.10.14"]
[SourceVersion "1"]
[SourceVersionDate "2024.10.14"]
[SourceQuality "1"]

1. e4 e5 2. Bc4 Nf6 3. d4 exd4 4. Nf3 Bc5 5. Bg5 d6 6. Nxd4 h6 7. Bh4 0-0 8. Nc3 Re8 9. 0-0 a6 10. Nf5 b5 11. Bd3 Nbd7 12. Nd5 Bb7 13. Nxf6+ Nxf6 14. Qf3 Kh7 15. Nxh6 Kxh6 16. Qf4+ Kh7 17. e5+ Kg8 18. exf6 Re6 19. Qf5 g6 20. Qg5 Bd4 21. Qg4 Bxf6 22. Bxf6 Qxf6 23. c3 Kg7 24. Rfe1 Rae8 25. Rxe6 Rxe6 26. h4 Qe5 27. Rd1 Rf6 28. Qe2 Qd5 29. f3 Re6 30. Qf1 Qxa2 31. Qf2 Qd5 32. Qf1 Qe5 33. Qf2 c5 34. Kf1 Qh2 35. g3 Qh1+ 0-1

[Event "Pan American-ch U1700"]
[Site "Balneario Camboriu"]
[Date "2024.09.29"]
[Round "8"]
[White "Waterkemper, Lucas Bauler"]
[Black "Consoli, Anderson Luiz"]
[Result "0-1"]
[WhiteElo "1553"]
[BlackElo "1697"]
[PlyCount "57"]
[EventDate "2024.09.24"]
[EventType "swiss"]
[EventRounds "9"]
[EventCountry "BRA"]
[SourceTitle "EXT 2025"]
[Source "ChessBase"]
[SourceDate "2024.10.14"]
[SourceVersion "1"]
[SourceVersionDate "2024.10.14"]
[SourceQuality "1"]

1. e4 e5 2. Nf3 Nc6 3. Bc4 Nf6 4. d3 Be7 5. c3 d6 6. 0-0 0-0 7. Re1 Na5 8. Bb5 a6 9. Ba4 b5 10. Bc2 c5 11. Bg5 Ng4 12. Bxe7 Qxe7 13. h3 Nh6 14. d4 Nc4 15. b3 Nb6 16. Nbd2 f5 17. exf5 cxd4 18. cxd4 Bxf5 19. dxe5 dxe5 20. Rxe5 Qf6 21. Bxf5 Nxf5 22. Re1 Rad8 23. Qe2 Rde8 24. Qd3 Rd8 25. Qf1 Nd5 26. Ne4 Qb6 27. a3 Rfe8 28. h4 Nf4 29. Nc5 0-1

[Event "Pan American-ch U1700"]
[Site "Balneario Camboriu"]
[Date "2024.09.28"]
[Round "6"]
[White "Mazzuco Junior, Adir"]
[Black "Waterkemper, Lucas Bauler"]
[Result "0-1"]
[WhiteElo "1639"]
[BlackElo "1553"]
[PlyCount "84"]
[EventDate "2024.09.24"]
[EventType "swiss"]
[EventRounds "9"]
[EventCountry "BRA"]
[SourceTitle "EXT 2025"]
[Source "ChessBase"]
[SourceDate "2024.10.14"]
[SourceVersion "1"]
[SourceVersionDate "2024.10.14"]
[SourceQuality "1"]

1. d4 Nf6 2. Nf3 d5 3. Bf4 c5 4. c3 Nc6 5. h3 e6 6. e3 Bd6 7. Ne5 Bxe5 8. dxe5 Nd7 9. Bb5 0-0 10. Bxc6 bxc6 11. 0-0 Ba6 12. Re1 f6 13. exf6 Qxf6 14. Qa4 Bb5 15. Qc2 e5 16. Bg3 e4 17. Nd2 Bd3 18. Qd1 Ne5 19. f4 exf3 20. Nxf3 Nxf3+ 21. Qxf3 Qxf3 22. gxf3 Rxf3 23. Kg2 Be4 24. Kh2 Raf8 25. Rad1 c4 26. Rd2 Bd3 27. Bf4 Bf5 28. Bg3 Re8 29. Rf2 Rxf2+ 30. Bxf2 Rb8 31. Re2 Bd3 32. Rd2 Re8 33. Kg3 Re6 34. Kf4 Kf7 35. h4 Rf6+ 36. Kg3 Ke6 37. Bg1 Rg6+ 38. Kh2 Be4 39. Rf2 Rg4 40. h5 Rh4+ 41. Kg3 Rxh5 42. Rf8 Rg5+ 0-1

[Event "Pan American-ch U1700"]
[Site "Balneario Camboriu"]
[Date "2024.09.27"]
[Round "5"]
[White "Waterkemper, Lucas Bauler"]
[Black "Dos Santos, Gabriel Conte"]
[Result "0-1"]
[WhiteElo "1553"]
[BlackElo "1594"]
[PlyCount "132"]
[EventDate "2024.09.24"]
[EventType "swiss"]
[EventRounds "9"]
[EventCountry "BRA"]
[SourceTitle "EXT 2025"]
[Source "ChessBase"]
[SourceDate "2024.10.14"]
[SourceVersion "1"]
[SourceVersionDate "2024.10.14"]
[SourceQuality "1"]

1. e4 e5 2. Nf3 Nc6 3. Bb5 a6 4. Ba4 b5 5. Bb3 Bc5 6. c3 Nf6 7. 0-0 d6 8. d3 Ba7 9. h3 h6 10. Re1 g5 11. Bd5 Bd7 12. Nh2 Nxd5 13. exd5 Ne7 14. d4 Ng6 15. Nd2 f5 16. Ndf1 f4 17. Qd3 Qf6 18. Nd2 0-0-0 19. Ne4 Bf5 20. Nf3 exd4 21. Nxd4 Bxd4 22. Qxd4 Qxd4 23. cxd4 Rde8 24. f3 Re7 25. Bd2 Rhe8 26. Nf6 Rxe1+ 27. Rxe1 Rxe1+ 28. Bxe1 Bb1 29. a3 Ba2 30. Ng4 Bxd5 31. Nxh6 Kd7 32. Ng4 Ke6 33. Kf2 Nh4 34. Bd2 c5 35. dxc5 dxc5 36. Bc3 Kf5 37. Ba5 Ng6 38. Nh6+ Ke6 39. Ng4 Bc6 40. Bc3 Nh8 41. Bxh8 b4 42. axb4 cxb4 43. Bf6 Kf5 44. Be7 a5 45. Ke1 b3 46. Kd2 a4 47. Ke1 Bb5 48. Nf6 Ke6 49. Ng8 Kf7 50. Bxg5 a3 51. Nh6+ Kg6 52. Bxf4 a2 53. Ng4 a1Q+ 54. Kf2 Qxb2+ 55. Kg3 Qd4 56. Be5 Qb4 57. h4 b2 58. Bxb2 Qxb2 59. Kh3 Bd7 60. Kg3 Bxg4 61. fxg4 Qe5+ 62. Kh3 Qe3+ 63. g3 Qc1 64. g5 Kh5 65. g4+ Kg6 66. Kg2 Qf4 0-1

[Event "Pan American-ch U1700"]
[Site "Balneario Camboriu"]
[Date "2024.09.25"]
[Round "3"]
[White "Jurado, Laura Alves"]
[Black "Waterkemper, Lucas Bauler"]
[Result "1-0"]
[WhiteElo "1612"]
[BlackElo "1553"]
[PlyCount "60"]
[EventDate "2024.09.24"]
[EventType "swiss"]
[EventRounds "9"]
[EventCountry "BRA"]
[SourceTitle "EXT 2025"]
[Source "ChessBase"]
[SourceDate "2024.10.14"]
[SourceVersion "1"]
[SourceVersionDate "2024.10.14"]
[SourceQuality "1"]

1. d4 d5 2. Bf4 Nf6 3. e3 c5 4. c3 Nc6 5. Nd2 Bf5 6. Qb3 Qc8 7. Ngf3 e6 8. dxc5 Bxc5 9. Nd4 Bg6 10. Bb5 0-0 11. N2f3 Ne4 12. 0-0 Bh5 13. Qa4 Bxd4 14. Nxd4 Nxd4 15. cxd4 a6 16. Bd3 b5 17. Qb4 Qd8 18. Rfc1 Bg6 19. a4 bxa4 20. Rxa4 Ng3 21. Bxa6 Rxa6 22. Bxg3 Rb6 23. Qa3 Rb7 24. b4 h6 25. Rc5 Qd7 26. Raa5 Rc8 27. Rxc8+ Kh7 28. Raa8 Bf5 29. h4 h5 30. Qc1 Rxb4 1-0

[Event "Blumenau U2400 op"]
[Site "Blumenau"]
[Date "2024.09.01"]
[Round "5"]
[White "Waterkemper, Lucas Bauler"]
[Black "Rescarolli, Thaynna Cristina Kl"]
[Result "1-0"]
[WhiteElo "1553"]
[BlackElo "1759"]
[PlyCount "67"]
[EventDate "2024.08.30"]
[EventType "swiss"]
[EventRounds "6"]
[EventCountry "BRA"]
[SourceTitle "EXT 2025"]
[Source "ChessBase"]
[SourceDate "2024.10.14"]
[SourceVersion "1"]
[SourceVersionDate "2024.10.14"]
[SourceQuality "1"]

1. e4 e5 2. Nf3 Nc6 3. Bc4 Bc5 4. 0-0 d6 5. d3 h6 6. c3 Nf6 7. h3 Be6 8. Bb5 0-0 9. d4 exd4 10. cxd4 a6 11. Bxc6 bxc6 12. dxc5 Nxe4 13. cxd6 cxd6 14. Nbd2 Nc5 15. b3 Re8 16. Bb2 Nd3 17. Qc2 Nf4 18. Rfe1 Qd7 19. Qe4 Nd5 20. Qd4 f6 21. Ne4 c5 22. Qd2 Rad8 23. Nc3 Nc7 24. Qf4 d5 25. Qg3 Nb5 26. Nxb5 Qxb5 27. Bxf6 Rd7 28. Qg6 Rf7 29. Bb2 Bf5 30. Qg3 Qd7 31. Ne5 Rxe5 32. Qxe5 Re7 33. Qxe7 Qxe7 34. Rxe7 1-0

[Event "Blumenau U2400 op"]
[Site "Blumenau"]
[Date "2024.08.31"]
[Round "4"]
[White "Kneidl, Jennifer"]
[Black "Waterkemper, Lucas Bauler"]
[Result "1/2-1/2"]
[WhiteElo "1741"]
[BlackElo "1553"]
[PlyCount "75"]
[EventDate "2024.08.30"]
[EventType "swiss"]
[EventRounds "6"]
[EventCountry "BRA"]
[SourceTitle "EXT 2025"]
[Source "ChessBase"]
[SourceDate "2024.10.14"]
[SourceVersion "1"]
[SourceVersionDate "2024.10.14"]
[SourceQuality "1"]

1. d4 Nf6 2. Bf4 d5 3. Nf3 e6 4. e3 c5 5. c3 Bd6 6. Bg3 Ne4 7. Bxd6 Qxd6 8. Nbd2 Nxd2 9. Qxd2 0-0 10. Bd3 Nc6 11. 0-0 e5 12. dxe5 Nxe5 13. Be2 Rd8 14. Rad1 Nc6 15. Rfe1 Be6 16. Qd3 g6 17. Rd2 a6 18. Red1 Qe7 19. Qc2 Rd7 20. e4 Rad8 21. exd5 Bxd5 22. c4 Bxf3 23. Rxd7 Rxd7 24. Rxd7 Qxd7 25. Bxf3 Nd4 26. Qe4 Qe6 27. Qxe6 Nxf3+ 28. gxf3 fxe6 29. Kf1 Kf7 30. Ke2 Kf6 31. f4 Kf5 32. Kf3 b5 33. b3 b4 34. h3 h6 35. Ke3 g5 36. fxg5 hxg5 37. Kf3 e5 38. Ke3 1/2-1/2

[Event "Timbo op 3rd"]
[Site "Timbo"]
[Date "2023.11.05"]
[Round "5"]
[White "Da Silva, Bernardo Marques Ol"]
[Black "Waterkemper, Lucas Bauler"]
[Result "1/2-1/2"]
[WhiteElo "1243"]
[BlackElo "1224"]
[PlyCount "56"]
[EventDate "2023.11.03"]
[EventType "swiss"]
[EventRounds "6"]
[EventCountry "BRA"]
[SourceTitle "CBM 217 Extra"]
[Source "ChessBase"]
[SourceDate "2024.01.31"]
[SourceVersion "1"]
[SourceVersionDate "2024.01.31"]
[SourceQuality "1"]

1. Nf3 d5 2. d4 Nf6 3. c4 c6 4. cxd5 cxd5 5. Nc3 e6 6. Bf4 Bd6 7. Bxd6 Qxd6 8. e3 a6 9. a3 0-0 10. Bd3 Nc6 11. 0-0 Bd7 12. Qe2 Ne7 13. Ne5 Rac8 14. Rac1 Nc6 15. Nxd7 Qxd7 16. Rc2 Ne7 17. Rfc1 Rc7 18. a4 Rfc8 19. b4 Nc6 20. Na2 Qd6 21. Qd2 h6 22. Rc3 Ne7 23. Rxc7 Rxc7 24. Rxc7 Qxc7 25. Qc3 Qxc3 26. Nxc3 Kf8 27. h3 Nc8 28. a5 Na7 1/2-1/2